Animals that are Vectors for Diseases - Statistics

General Stats
  • This quiz has been taken 88 times
  • The average score is 4 of 7
Answer Stats
Disease VECTOR % Correct
Malaria, Zika, Yellow Fever Mosquito
97%
Lyme Disease Tick
72%
Plague Flea
69%
Sleeping Sickness, River Blindness Fly
68%
Typhus Lice
17%
Schistosomiasis Aquatic Snail
16%
Chagas Disease/American Trypanosomiasis Kissing Bug/Triatomine Bug
16%
No matching quizzes found
Score Distribution
Percent of People with Each Score
Percentile by Number Answered
Your Score History
You have not taken this quiz